| 000 | 00523nam a2200145 a 4500 | ||
|---|---|---|---|
| 001 | 000027433 | ||
| 005 | 20200930030830.0 | ||
| 008 | 110331s1917 dr 000 0 spa d | ||
| 040 |
_aDO-SdBNP _bspa _cBNPHU |
||
| 110 | 1 |
_aRepública Dominicana _bSuperitendencia General de Enseñanza Pública _954502 |
|
| 245 | 1 | 0 | _aPlan de estudios y programas para las escuelas primarias diurnas urbanas. |
| 260 |
_aSanto Domingo : _bSuperitendencia General de Enseñanza Pública, _c[1917?]. |
||
| 300 |
_a87 p. ; _c21 cm. |
||
| 049 | _aBNPD | ||
| 999 |
_c26925 _d26925 |
||